000
00269as aa2200097a 44500
090
_a
SERIADAS
_b
01268
245
1
0
_a
Conservación mundial: boletín de la UICN
260
_b
Unión Mundial para la Conservación de la Naturaleza
_a
41
041
0
_a
Español
942
_c
REVISTA
999
_c
16822
_d
16822